| 000 | 00773nam a2200253 a 4500 | ||
|---|---|---|---|
| 005 | 20240924071214.0 | ||
| 008 | 011002s2001 ag r 000 0 spa d | ||
| 020 | _a9508921099 (v.1) | ||
| 020 | _a9508921102 (v.2) | ||
| 035 | _aUPN01000112342 | ||
| 049 | _aCG | ||
| 050 | 4 |
_aZ1003 _bE5.7 |
|
| 245 | 0 | 0 |
_aEntre libros y lectores / _cOfelia Seppia ... [et al.]. |
| 260 |
_aBuenos Aires : _bLugar, _c2001. |
||
| 300 | _a2 v. | ||
| 440 | 0 | _aRelecturas | |
| 500 | _a"Literatura Infantil" | ||
| 505 | 8 |
_aContenido: _gv.1. _tEl texto literario -- _gv.2. _tPromoción de la lectura y revistas |
|
| 650 | 4 |
_aLibros y lectura _95227 |
|
| 650 | 4 |
_aLiteratura infantil _94445 |
|
| 650 | 4 |
_aPromoción de la lectura _96400 |
|
| 700 | 1 |
_aSeppia, Ofelia, _ecoaut. |
|
| 905 | _aLibro | ||
| 999 |
_c86250 _d86250 |
||